Normal view
MARC view
Entry Personal Name
001 - CONTROL NUMBER
- control field: 20733
003 - CONTROL NUMBER IDENTIFIER
- control field: ARRUPE
005 - DATE AND TIME OF LATEST TRANSACTION
- control field: 20151029115515.0
008 - FIXED-LENGTH DATA ELEMENTS
- fixed length control field: 151029|| aca||aabn | a|a d
040 ## - CATALOGING SOURCE
- Original cataloging agency: ARRUPE
- Transcribing agency: ARRUPE
100 ## - HEADING--PERSONAL NAME
- Personal name: Christina,
- Titles and other words associated with a name: of Markyate, Saint,
- Dates associated with a name: approximately 1096-
670 ## - SOURCE DATA FOUND
- Source citation: Work cat.: (ARRUPE)0: The life of Christina of Markyate :, c1998.